| 000 | 00616nam a2200229 a 4500 | ||
|---|---|---|---|
| 999 |
_c4636 _d4636 |
||
| 001 | 4636 | ||
| 003 | BD-JhCC | ||
| 005 | 20171129194020.0 | ||
| 008 | 171126s1963 e b|||| ||a| 001 0 eng d | ||
| 035 | _a(BD-JhCC)4636 | ||
| 040 |
_aBD-JhCC _dBD-JhCC |
||
| 041 | _aeng | ||
| 082 |
_a304.2 _bDIC 1963 |
||
| 100 | _aDicken, Samuel N. | ||
| 245 |
_aIntrodection to Human Geography / _cSamuel N. Dicken; Forrest R. Pitts |
||
| 260 |
_aLondon : _bBlaisdell Publishing Company, _c1963 |
||
| 300 |
_a468 p. : _c25 cm. |
||
| 650 | _aHuman Geography | ||
| 700 | _aPitts, Forrest R. | ||
| 942 |
_2ddc _cBK |
||